000 00308nam a22001337a 4500
008 181102b xxu||||| |||| 00| 0 eng d
020 _a9780534081300
041 _aeng
080 _26 ED
_a610
100 _a4
101 _aSHM
245 _aGreat Ethics Great Tradition in
_cAlbert.D
942 _2udc
_cBK
999 _c51584
_d51584